Представление документа в формате RUSMARC

ПолеНазваниеЗначение
  Тип записи a
  Библиографический уровень a
001 Контрольный номер RU/CBS_UL/BASE/bbb3b70d26ed47f69c3b242e28aed7a6
005 Дата корректировки 20260303160700.3
100 Данные общей обработки __
a Данные общей обработки 20260303 ||| 0rusy0189 ca
101 Язык документа 0_
a Язык текста rus
102 Страна публикации __
a Страна публикации RU
200 Заглавие и сведения об ответственности 1_
a Заглавие Самый чудесный праздник
e Сведения, относящиеся к заглавию [зимние развлечения в советских парках]
f Первые сведения об ответственности Л. Макарова
300 Общие примечания __
a Общие примечания 16+
461 Уровень набора _0
1 2000
a Тайны СССР
463 Уровень физической единицы _0
1 2000
a № 1
v С. 38-39 : фото
1 2101
d 2026
1 001RU/CBS_UL/BASE/d1e0b56af2484db4a461af60d7af6927
606 Тематические рубрики 0_
a Основная рубрика Парки отдыха - СССР
610 Ключевые слова 0_
a Ключевые слова парки
610 Ключевые слова 0_
a Ключевые слова парки отдыха
610 Ключевые слова 0_
a Ключевые слова советские парки отдыха
610 Ключевые слова 0_
a Ключевые слова парки отдыха советские
610 Ключевые слова 0_
a Ключевые слова катки
610 Ключевые слова 0_
a Ключевые слова катки в парках
610 Ключевые слова 0_
a Ключевые слова развлечения в парках
610 Ключевые слова 0_
a Ключевые слова зимние развлечения в парках
610 Ключевые слова 0_
a Ключевые слова зимние забавы
610 Ключевые слова 0_
a Ключевые слова советские парковые забавы
610 Ключевые слова 0_
a Ключевые слова зимние игры советских детей
686 Индексы других классификаций __
2 Код системы rubbk
a Классификационный индекс 77.47
700 Автор _1
a Фамилия Макарова
b Имя (инициалы) Л.
801 Источник записи _0
a Страна RU
b Организация МБУК ЦБС г. Ульяновска
c Дата составления 20260303
g Правила каталогизации RCR
801 Источник записи _1
a Страна RU
b Организация МБУК ЦБС г. Ульяновска
c Дата составления 20260303
g Правила каталогизации RCR
901 Тип документа __
t Тип документа b
w Контрольный № источника RU/CBS_UL/BASE/d1e0b56af2484db4a461af60d7af6927
909 Создатель записи __
a Создатель записи lib2